000 00732cam a22002413a 4500
001 1547
003 PGUSA
005 20140828083003.0
008 981101s1998||||xxu|||||s|||||000 | eng d
040 _aPGUSA
_beng
042 _adc
050 4 _aPR
100 1 _aShakespeare
_q(spurious and doubtful works),
_d1564-1616
245 1 0 _aSir Thomas More
_h[electronic resource] /
_cShakespeare
260 _bProject Gutenberg,
_c1998
500 _aApocrypha
506 _aCopyrighted. Read the copyright notice inside this book for details.
516 _aElectronic text
653 _aMore, Thomas, Saint, 1478-1535 -- Drama
830 0 _aProject Gutenberg
_v1547
856 4 0 _uhttp://www.gutenberg.org/ebooks/1547
942 _cEB
999 _c230895
_d230895